| 000 | 00347nam a22001337a 4500 | ||
|---|---|---|---|
| 008 | 230619b xxu||||| |||| 00| 0 eng d | ||
| 020 | _a26902591X | ||
| 082 |
_a200.947 _bHAY |
||
| 100 | _cMax Hayward | ||
| 245 |
_aReligion and the Soviet State _bA Dilemma of Power |
||
| 260 |
_aEngland _bPall Mall Press _c1969 |
||
| 300 | _a200p | ||
| 942 |
_2ddc _cBK |
||
| 999 |
_c1172 _d1172 |
||